Statistics for ALW's Phantom of the Opera - Wishing You Were Somehow Here Again - Missing Lyrics

Click here to take the quiz!

General Stats

  • This quiz has been taken 105 times
  • The average score is 23 of 25

Answer Stats

Christine% Correct
Somehow you would be {here}
99%
Wishing you were somehow {here} again
99%
Wishing you were somehow {here} again
99%
Wishing I could hear your {voice} again
97%
You were once my one {companion}
97%
Help me say {goodbye}
96%
Help me say {goodbye}
96%
Knowing that I {never} would
96%
Knowing we must say {goodbye}
96%
Too many years fighting back {tears}
96%
Why can't the past just {die}?
96%
You were all that {mattered}
96%
You were once a friend and {father}
96%
Then my world was {shattered}
94%
Try to forgive, teach me to {live}
94%
All that you dreamed I {could}
93%
Dreaming of you won't {help} me to do
93%
You were warm and {gentle}
93%
Wishing you were somehow {near}
91%
Give me the {strength} to try
90%
Passing bells and sculpted {angels}, cold and monumental
90%
Sometimes it seemed if I just {dreamed}
90%
Seem for you the {wrong} companions
88%
No more {memories}, no more silent tears
84%
No more {gazing} across the wasted years
71%

Score Distribution

Percentile by Number Answered

Percent of People with Each Score

Your Score History

You have not taken this quiz